00333nam a2200121Ia 4500008004100000041000800041082001600049100001900065245004500084260004500129300002600174365001100200240624s9999 xx 000 0 und d aeng a338.954 BAR aBARDHAN PRANAB aPOLITICAL ECONOMY OF DEVELOPMENT IN INDI c2009aNew DelhibOxford University Press aviii, : 153p. ; 21cm. cRSb30